Pseudo-information, media, publics, and the failing marketplace of ideas: Theory (Record no. 518559)

000 -LEADER
fixed length control field 01489nam a22001577a 4500
008 - FIXED-LENGTH DATA ELEMENTS--GENERAL INFORMATION
fixed length control field 210929b ||||| |||| 00| 0 eng d
100 ## - MAIN ENTRY--PERSONAL NAME
Personal name Jeong, Nam-Kim, and Zuniga, Homero Gil De
245 ## - TITLE STATEMENT
Title Pseudo-information, media, publics, and the failing marketplace of ideas: Theory
260 ## - PUBLICATION, DISTRIBUTION, ETC. (IMPRINT)
Place of publication, distribution, etc American Behavioral Scientist
300 ## - PHYSICAL DESCRIPTION
Extent 65(2), Feb, 2021: p.163-179
520 ## - SUMMARY, ETC.
Summary, etc The explosive usage in recent years of the terms “fake news” and “posttruth” reflects worldwide frustration and concern about rampant social problems created by pseudo-information. Our digital networked society and newly emerging media platforms foster public misunderstanding of social affairs, which affects almost all aspects of individual life. The cost of lay citizens’ misunderstandings or crippled lay informatics can be high. Pseudo-information is responsible for deficient social systems and institutional malfunction. We thus ask questions and collect knowledge about the life of pseudo-information and the cognitive and communicative modus operandi of lay publics, as well as how to solve the problem of pseudo-information through understanding the changing media environment in this “truth-be-damned” era of information crisis. – Reproduced
650 ## - SUBJECT ADDED ENTRY--TOPICAL TERM
Topical term or geographic name as entry element Disinformation, Fake news, Information crisis, Lay informatics, Misinformation, Pseudo-information, Publics, Social media
9 (RLIN) 27804
773 ## - HOST ITEM ENTRY
Main entry heading American Behavioral Scientist
906 ## - LOCAL DATA ELEMENT F, LDF (RLIN)
Subject DIP MASS MEDIA
942 ## - ADDED ENTRY ELEMENTS (KOHA)
Item type Articles
Holdings
Withdrawn status Lost status Source of classification or shelving scheme Damaged status Not for loan Permanent location Current location Date acquired Serial Enumeration / chronology Barcode Date last seen Koha item type
          Indian Institute of Public Administration Indian Institute of Public Administration 2021-09-29 65(2), Feb, 2021: p.163-179 AR125689 2021-09-29 Articles

Powered by Koha